Linguagens formais e autômatos /

Guardado en:
Autor Principal: Simon, Imre, 1943-
Autor Corporativo: Escola de Computação
Formato: Libro
Idioma:Portuguese
Publicado: Campinas : [IMECC-UNICAMP], 1981.
Etiquetas: Agregar Etiqueta
Sin Etiquetas, Sea el primero en etiquetar este registro!
LEADER 00695nam a22001695a 4500
001 MAT.inmabb005294
008 081002s1981####bl#######b####001#0#por#d
005 20160622171008.0
245 1 0 |a Linguagens formais e autômatos /  |c Imre Simon. 
260 |a Campinas :  |b [IMECC-UNICAMP],  |c 1981. 
300 |a viii, 200 p. ;  |c 23 cm. 
500 |a "Segunda Escola de Computação, Instituto de Matemática, Estatística e Ciência da Computação da UNICAMP, Campinas, 1981". 
504 |a Incluye referencias bibliográficas (p. 195-197) e índice. 
100 1 |a Simon, Imre,  |d 1943- 
711 2 |a Escola de Computação  |n (2a. :  |d 1981 :  |c Campinas) 
084 |a 68Q45  |2 msc2000 
859 |h 68  |i Si594  |p A-6996  |b BIB. MATEMATICA